000 00292nam a22001337a 4500
008 170623b xxu||||| |||| 00| 0 eng d
020 _a9781551115955
041 _aeng
080 _24TH
_a32
100 _a21
101 _aSHP
245 _aCANADIAN POLITICS
_cBICKERTON,J
942 _2udc
_cBK
999 _c19055
_d19055